Online Catalogue and eLibrary

Women and food security : (Record no. 2688)

MARC details
000 -LEADER
fixed length control field 00828nam a2200145Ia 4500
005 - DATE AND TIME OF LATEST TRANSACTION
control field 20240426071037.0
008 - FIXED-LENGTH DATA ELEMENTS--GENERAL INFORMATION
fixed length control field 240331s9999 xx 000 0 und d
020 ## - INTERNATIONAL STANDARD BOOK NUMBER
ISBN 1853391093
082 ## - DDC Classification
Item Number - Author Mark WOM
Class No. 331.4
245 #0 - TITLE STATEMENT
Title Women and food security :
Remainder of title the experience of the SADCC countris
260 ## - PUBLICATION, DISTRIBUTION, ETC.
Place of publication, distribution, etc. London
Name of publisher, distributor, etc. Intermediate Technology Publications
Date of publication, distribution, etc. 1991
300 ## - PHYSICAL DESCRIPTION
Extent (e.g. Volumes, Pages etc.) vi, 210 p .,
500 ## - GENERAL NOTE
General note This book consists of background country papers from the SADCC region (Angola, Botswana, Lesotho, Malawi, Mozambique, Swaziland, Tanzania, Zambia and Zimbabwe) on women's access to, and use of improved food technologies in all areas - land preparation and irrigation, seeding, harvesting, storage and crop processing devices, as well as ' soft techniques' such as planning and organizing village woodlots and domestic gardening.
942 ## - Koha item type (Biblio)
Koha item type Books in Stacks (Lending)
Holdings
Lost status Damaged status Collection code Home library Current library Shelving location Date acquired Full call number Accession Number Item type
    Lending WERC Library WERC Library Social Science Cupboard 03/31/2024 331.4 WOM 1145 Books in Stacks (Lending)

© WERC Library